000 00614nam a22001697a 4500
999 _c61420
_d61420
005 20240311164003.0
008 240311s1978 ru ||||| |||| 00| 0 rus d
041 _arus
080 _a571 Л-25
100 _aЛаричев В.Е.
_921386
245 _aПоиски предков Адама :
_bРассказы археолога /
_cВ.Е. Ларичев.
264 _aМосква :
_bИзд-во политической литературы,
_c1978.
300 _a126 с.
_b17 см.
653 _aადამის წინაპრები
653 _aარქეოლოგია
942 _2udc
_cBK